=LDR 00000nam 2200000 4500 =001 INLIS000000000058781 =005 20211011014123 =035 ##$$a 0010-1021000229 =007 ta =008 211011###########################0###### =082 ##$$a 315.985 65 =084 ##$$a 315.985 65 Ana p =245 ##$$a Provinsi Nusa Tenggara Barat Dalam Angka 2021 /$c Anang Zakaria =300 ##$$a 487 Halaman ; $c 21 cm =600 #4$$a Statistik - NTB =710 #$$a Badan Pusat Statistik Nusa Tenggara Barat =264 ##$$a Mataram :$b Badan Pusat Statistik,$c 2021 =336 ##$$a Teks$2 rdacontent =337 ##$$a Majalah$2 rdamedia =338 ##$$a Lain-lain$2 rdacarrier =990 ##$$a 3202101748 =990 ##$$a 87/50/2021 =990 ##$$a 87/50/2021 =990 ##$$a 87/50/2021 =990 ##$$a 87/50/2021